000 00567cam a2200169 i 4500
005 20251112122604.0
008 250721s2003 sy gr 000 0 ara d
082 1 4 _a189
_bع ر ب
100 1 _aبن عربي، محي الدين.
_eمؤلف.
245 1 0 _aكتاب التراجم /
_cتأليف الشيخ محيي الدين بن عربي.
250 _aالطبعة الأولى.
264 3 1 _aدمشق :
_bدار المحبة،
_c2003.
300 _a210 صفحة.
650 1 7 _aالفلسفة الإسلامية.
942 _2ddc
_cBK
999 _c73986
_d73986